Vector analysis /

Bibliographic Details
Main Author: Phillips, H. B. (Henry Bayard), 1881-
Format: Book
Language:English
Published: New York : London : J. Wiley & sons, inc.; Chapman & Hall, limited, 1933.
Subjects:

MARC

Tag First Indicator Second Indicator Subfields
LEADER 00000cam a2200000 4500
001 in00000132413
005 20150930091629.0
008 721226s1933 nyua 00010 eng d
010 |a  33004030  
035 |a (OCoLC)00523828 
035 |9 AAP0809AM 
040 |a TXA  |c WSU  |d TXA  |d UtOrBLW 
049 |a TXAM  |c [50009] 
050 0 |a QA261  |b .P5 
082 0 |a 512.89 
100 1 |a Phillips, H. B.  |q (Henry Bayard),  |d 1881- 
245 1 0 |a Vector analysis /  |c by H. B. Phillips ... 
264 1 |a New York :  |b J. Wiley & sons, inc.;  |a London :  |b Chapman & Hall, limited,  |c 1933. 
300 |a 2 pages ., iii-viii, 236 pages :  |b diagrams ;  |c 23 cm. 
336 |a text  |b txt  |2 rdacontent 
337 |a unmediated  |b n  |2 rdamedia 
338 |a volume  |b nc  |2 rdacarrier 
650 0 |a Vector analysis. 
999 |a MARS 
999 f f |s 63d0a54b-0b0b-3f32-baac-ca976a1abd10  |i d0f8a8ef-037b-39cf-9460-f271e0e1111d  |t 0 
952 f f |p normal  |a Texas A&M University  |b College Station  |c Sterling C. Evans Library  |d Evans: Library Stacks  |t 0  |e QA261 .P5  |h Library of Congress classification  |i unmediated -- volume  |m A14804491569 
998 f f |a QA261 .P5  |t 0  |l Evans: Library Stacks